A nossa estrela (Registo nº 4397)

Detalhes MARC
000 -Etiqueta do registo
Cabeçalho 00743cam a2200277 4500
005 - Identificador da versão
Campo de controlo 20240904164050.0
010 ## - Número internacional normalizado dos livros (ISBN)
Número (ISBN) 9722316877
021 ## - Número do Depósito Legal
Código do país PT
Número 54038/92
100 ## - Dados gerais de processamento
Dados gerais de processamento 19931228d1993 d y0pory5003 ba
101 1# - Língua de publicação
Língua do texto, banda sonora, etc. Português
Língua do documento no original Espanhol
102 ## - Pais de publicação ou produção
País de publicação Portugal
105 ## - Campo de dados codificados: livros
Dados codificados dos livros a z 001yy
106 ## - Campo de dados codificados: material textual
Dados codificados do material textual r
200 1# - Titulo e menção de responsabilidade
Título próprio A nossa estrela
Informação de outro título o Sol
Primeira menção de responsabilidade Robert Estalella
Outras menções de responsabilidade trad. Manuela Madureira
205 ## - Menção da edição
Menção da edição 1ª ed
210 ## - Publicação, Distribuição, etc. 
Lugar da edição, distribuição, etc. Lisboa
Nome do editor, distribuidor, etc. Presença
Data da publicação, distribuição, etc. 1993
215 ## - Descrição física 
Indicação específica da natureza do documento e extensão da espécie 31 p.
Outras indicações físicas il.
Dimensões 28 cm
225 1# - Colecção 
Título próprio da colecção Janela para o universo
Indicação de volume 1
304 ## - Notas relativas a título e menção de responsabilidade 
Texto da nota Tít. orig.: Nuestra estrella: el Sol
675 ## - Classificação Decimal Universal (CDU)
Notação 087.5
Edição BN
Língua da edição por
Notação 523.9
Edição BN
Língua da edição por
700 #1 - Nome de autor-pessoa física (responsabilidade principal)
Número de registo de entrada de autoridade 0001216
Palavra de ordem Estalella
Outra parte do nome não tomada para palavra de ordem Robert
702 #1 - Nome de autor-pessoa física (responsabilidade secundária)
Número de registo de entrada de autoridade 0000810
Palavra de ordem Madureira
Outra parte do nome não tomada para palavra de ordem Manuela
Código de função Tradutor
942 ## - Elementos de entrada adicionados (Koha)
Tipo de item no Koha Livro
Exemplares
Situação do levantamento Origin of item (home branch) (coded) Biblioteca de empréstimo Código de barras Cota Circulation type (not for loan) Tipo de documento Nota do exemplar Damaged status
  Biblioteca Escolar das Vendas Biblioteca Escolar das Vendas BEV1277 5AST EST   Livro Sem mensagem